00578nam a2200205Ia 4500003000400000005001700004008004100021020001800062040001800080041000800098082001900106100002200125245005000147250001200197260006900209300003000278650002000308650002400328650002000352OSt20251128150514.0210716s2013 xx 000 0 und d a9781439868362 cAIMIT LIBRARY aeng a005.762 bHANM aHancock, Monte F. aPractical data mining /cBy Monte F. Hancock. a1st ed. aMumbai :bShroff Publications and Distributers Pvt Ltd ,c2013. axxiii,277 p.;bPBc24 cm. aData evaluation aData mining process aData evaluation